| 000 | 01335nam a22003137a 4500 | ||
|---|---|---|---|
| 003 | OSt | ||
| 005 | 20260309021844.0 | ||
| 008 | 260308b |||||||| |||| 00| 0 eng d | ||
| 040 |
_aCvSU-CCAT Campus Library. _bEnglish. _cCvSU-CCAT Campus Library. _erda. |
||
| 050 |
_aUM HD 62.7 _bL55 2024 |
||
| 100 |
_aLlimit, Dianne Jane A., author. _919063 |
||
| 245 |
_aTinaparice by Maria's food stall : an enterprise development project / _cDianne Jane A. Llimit, Joshua Mae L. Oma, Cherry Ann B. Vargas. |
||
| 260 |
_aRosario, Cavite : _bCavite State University-CCAT Campus, _c2024 |
||
| 300 |
_axiv, 64 leaves : _billustrations ; _c28 cm |
||
| 500 | _aEnterprise Development Project (BSBA)--Cavite State University-CCAT Campus, 2024. | ||
| 504 | _aIncludes bibliographical references. | ||
| 546 | _aIn English text. | ||
| 650 |
_aSmall business -- Management _98827 |
||
| 650 |
_aEntrepreneurship _9136 |
||
| 650 |
_aPartnership _99015 |
||
| 650 |
_aFood industry and trade _995 |
||
| 650 |
_aSocial media marketing _919064 |
||
| 700 |
_aOma, Joshua Mae L., author. _919065 |
||
| 700 |
_aVargas, Cherry Ann B., author. _919066 |
||
| 700 |
_aPerez, Richard P., adviser. _96637 |
||
| 700 |
_aAmbas, Arman M., technical critic _96668 |
||
| 942 |
_2lcc _cT/M/D _hHD 62.7 L55 2024 _kUM |
||
| 999 |
_c4833 _d4833 |
||